| 000 | 00671nam a2200217 a 4500 | ||
|---|---|---|---|
| 005 | 20240827063718.0 | ||
| 008 | 030326s1998 mx r 000 0 spa d | ||
| 020 | _a9683807062 | ||
| 035 | _aUPN01000123257 | ||
| 049 | _aCG | ||
| 050 | 4 |
_aHQ1061 _bR6.3 |
|
| 100 | 1 |
_aRodríguez Estrada, Mauro, _d1930-2007 |
|
| 245 | 1 | 0 |
_aCreatividad en la tercera edad / _cMauro Rodríguez Estrada, Laura Goñi y David Corona. |
| 260 |
_aMéxico : _bPanorama, _c1998. |
||
| 300 | _a125 p. | ||
| 650 | 2 |
_aAncianos _9583 |
|
| 650 | 4 |
_aENVEJECIMIENTO - _xASPECTOS PSICOLOGICOS _921534 |
|
| 700 | 1 |
_aGoñi, Laura, _ecoaut. |
|
| 700 | 1 |
_aCorona Gutiérrez, David, _ecoaut. |
|
| 905 | _aLibro | ||
| 999 |
_c95438 _d95438 |
||